书目信息 |
| 题名: |
爱我河南人
|
|
| 作者: | 老铁 主编 | |
| 分册: | 下 | |
| 出版信息: | 郑州 海燕出版社 1999.09 |
|
| 页数: | 258页 | |
| 开本: | 20cm | |
| 丛书名: | ||
| 单 册: | ||
| 中图分类: | K820.861 | |
| 科图分类: | ||
| 主题词: | 名人--ming ren--生平事迹--河南 | |
| 电子资源: | ||
| ISBN: | 7-5350-1891-2 | |
| 000 | 00782nam0 2200241 450 | |
| 001 | 012008944953 | |
| 005 | 20080423185409.46 | |
| 010 | @a7-5350-1891-2@dCNY11.80 | |
| 100 | @a20080423d1999 km y0chiy0120 ea | |
| 101 | 0 | @achi |
| 102 | @aCN@b410000 | |
| 105 | @ay z 000yd | |
| 106 | @ar | |
| 200 | 1 | @a爱我河南人@Aai wo he nan ren@e古代卷@h下@f老铁主编@Flao tie zhu bian |
| 210 | @a郑州@c海燕出版社@d1999.09 | |
| 215 | @a258页@d20cm | |
| 330 | @a本书主要讲述了隋朝著名将领贺若弼,贤明的皇后长孙氏,唐代名想姚崇,大文豪韩愈,唐代后期的杰出诗人李商隐等内容。 | |
| 517 | 1 | @a古代卷@Agu dai juan |
| 606 | 0 | @a名人@Aming ren@x生平事迹@y河南 |
| 690 | @aK820.861@v4 | |
| 701 | 0 | @a老铁@Alao tie@4主编 |
| 801 | 0 | @aCN@bQSSK@c20080423 |
| 905 | @b20702885-87@dK820.861@eL072:2@f3 | |
| 爱我河南人:古代卷.下/老铁主编.-郑州:海燕出版社,1999.09 |
| 258页;20cm |
| ISBN 7-5350-1891-2:CNY11.80 |
| 本书主要讲述了隋朝著名将领贺若弼,贤明的皇后长孙氏,唐代名想姚崇,大文豪韩愈,唐代后期的杰出诗人李商隐等内容。 |
| ● |
| 相关链接 |
|
|
|
正题名:爱我河南人
索取号:K820.861/L072:2
 
预约/预借
| 序号 | 登录号 | 条形码 | 馆藏地/架位号 | 状态 | 备注 |
| 1 | 702885 | 207028857 | 社科库309/309社科库 45排4列5层/ [索取号:K820.861/L072:2] | 在馆 | |
| 2 | 702886 | 207028866 | 社科库309/309社科库 45排4列5层/ [索取号:K820.861/L072:2] | 在馆 | |
| 3 | 702887 | 207028875 | 社科库309/309社科库 45排4列5层/ [索取号:K820.861/L072:2] | 在馆 |